Catálogo público

CALPER : (Record no. 186052)

MARC details
000 -CABECERA
campo de control de longitud fija 03688nam a2200361 a 4500
003 - IDENTIFICADOR DEL NÚMERO DE CONTROL
campo de control CHAP
005 - FECHA Y HORA DE LA ÚLTIMA TRANSACCIÓN
campo de control 20250917181903.0
007 - CAMPO FIJO DE DESCRIPCIÓN FÍSICA--INFORMACIÓN GENERAL
campo de control de longitud fija ta
008 - DATOS DE LONGITUD FIJA--INFORMACIÓN GENERAL
campo de control de longitud fija 220117s1996xx mx ad frm000 0 1n0 spa d
010 ## - NÚMERO DE CONTROL DE LA BIBLIOTECA DEL CONGRESO
Número de control de LC 186052
040 ## - FUENTE DE LA CATALOGACIÓN
Centro catalogador/agencia de origen mxchpua
Centro/agencia transcriptor CHAP
Normas de descripción rda
041 0# - CÓDIGO DE LENGUA
Código de lengua del texto/banda sonora o título independiente spa
Código de lengua del sumario o resumen spa
090 ## - LOCALMENTE ASIGNADO TIPO-LC NÚMERO DE CLASIFICACIÓN (OCLC); NÚMERO DE CLASIFICACIÓN LOCAL (RLIN)
Número de clasificación (OCLC) (R) ; Numero de clasificación, CALL (RLIN) (NR) Tesis
Número cutter local (OCLC) ; Número de libro/Signatura topográfica íntegra, CALL (RLIN) V59
año 1996
100 1# - ENTRADA PRINCIPAL--NOMBRE DE PERSONA
Nombre de persona Vizcaíno González, Silvia
245 10 - MENCIÓN DE TÍTULO
Título CALPER :
Resto del título sistema de cómputo para calcular pérdidas de carga totales en tuberías /
Mención de responsabilidad, etc. Silvia Vizcaíno González
264 ## - PRODUCCIÓN, PUBLICACIÓN, DISTRIBUCIÓN, FABRICACIÓN Y COPYRIGHT
Producción, publicación, distribución, fabricación y copyright Chapingo, México :
Nombre del de productor, editor, distribuidor, fabricante El autor,
Fecha de producción, publicación, distribución, fabricación o copyright 1996
300 ## - DESCRIPCIÓN FÍSICA
Extensión vi, 82 hojas :
Otras características físicas ilustraciones, gráficas, tablas
336 ## - TIPO DE CONTENIDO
Fuente rdacontent
Término de tipo de contenido texto
Código de tipo de contenido txt
337 ## - TIPO DE MEDIO
Fuente rdamedia
Nombre/término del tipo de medio no mediado
Código del tipo de medio n
338 ## - TIPO DE SOPORTE
Fuente rdacarrier
Nombre/término del tipo de soporte volumen
Código del tipo de soporte nc
502 ## - NOTA DE TESIS
Nota de tesis Tesis
Tipo de título (Ingeniero Agroindustrial) --
Nombre de la institución que otorga el título UACh. Departamento de Ingeniería Agroindustrial,
Año de obtención del título 1996
504 ## - NOTA DE BIBLIOGRAFÍA, ETC.
Nota de bibliografía, etc. Bibliografía: hojas 81-82
520 3# - SUMARIO, ETC.
Sumario, etc. A través del tiempo ha venido creciendo la necesidad de creación de software para la realización de los cálculos necesarios en la solución de problemas técnicos-ingenieriles, utilizando las facilidades de rapidez y precisión que ofrecen las computadoras, ya que hasta ahora se han venido efectuando, generalmente, en forma manual, lo cual es poco eficiente en cuanto a tiempo y aumenta la probabilidad de que se cometan errores. En la ingeniería muchos cálculos son de tal magnitud que es necesario utilizar la computadora para realizarlos. Por ello se debe crear software de acuerdo a las condiciones y necesidades específicas que corresponden a la etapa de desarrollo técnico de un país. La computadora está interviniendo notablemente en la práctica de la ingeniería, y rápidamente se convirtió en un medio indispensable para la solución de problemas y auxiliar al ingeniero en varias formas. En la actualidad aparece como una necesidad urgente la optimización de recursos en la producción de alimentos, es por ello que todos nuestros esfuerzos deben estar encaminados hacia este objetivo. En muchos procesos agronómicos (sistemas de riego presurizados), industriales (oleoductos, gaseoductos, etc) civiles (redes de drenaje y agua potable) y forestales es necesario la conducción de distintos líquidos a través de redes de tuberías. <br/>De ahí la necesidad de hacer más eficiente el proceso de cálculo en el diseño de tuberías, debido a que es uno de los más delicados por su gran susceptibilidad a cambios significativos en costos. Al realizarlo manualmente se puede incurrir en errores, debido a la gran cantidad de tablas, ábacos y fórmulas que es necesario utilizar y su realización es muy lenta. Por esto es de suma importancia la automatización de este proceso, que traería como consecuencia un diseño óptimo con una gran precisión, redundando en un ahorro económico considerable tanto en los costos de adquisición de la tubería como en los costos de operación y mantenimiento. Por lo anterior se destaca que la tarea principal del presente trabajo es la elaboración de un sistema de cómputo que efectúe en forma eficiente y precisa el cálculo de pérdidas totales (por fricción y localizadas) en tuberías, al se llamará CALPER, que se deriva del nombre de cálculo de pérdidas.
650 13 - PUNTO DE ACCESO ADICIONAL DE MATERIA--TÉRMINO DE MATERIA
Término de materia o nombre geográfico como elemento de entrada Ductos
Fuente del encabezamiento o término atg
Subdivisión general Programas de computadores
650 13 - PUNTO DE ACCESO ADICIONAL DE MATERIA--TÉRMINO DE MATERIA
Término de materia o nombre geográfico como elemento de entrada Ductos
Fuente del encabezamiento o término atg
Subdivisión general Diseño asistido por computador
650 13 - PUNTO DE ACCESO ADICIONAL DE MATERIA--TÉRMINO DE MATERIA
Término de materia o nombre geográfico como elemento de entrada Pipelines
Fuente del encabezamiento o término atg
Subdivisión general Computer software
650 13 - PUNTO DE ACCESO ADICIONAL DE MATERIA--TÉRMINO DE MATERIA
Término de materia o nombre geográfico como elemento de entrada Pipelines
Fuente del encabezamiento o término atg
Subdivisión general Computer-aided design
700 1# - PUNTO DE ACCESO ADICIONAL--NOMBRE DE PERSONA
Nombre de persona Chávez Mota, Ramiro
Término indicativo de función/relación director
700 1# - PUNTO DE ACCESO ADICIONAL--NOMBRE DE PERSONA
Nombre de persona Maldonado Estrella, José Antonio
Término indicativo de función/relación asesor
700 1# - PUNTO DE ACCESO ADICIONAL--NOMBRE DE PERSONA
Nombre de persona Covarrubias Gutiérrez, Ignacio
Término indicativo de función/relación asesor
901 ## - ELEMENTOS DE DATOS A LOCAL LDA (RLIN)
a TESIS V59 1996
942 ## - ELEMENTOS DE PUNTO DE ACCESO ADICIONAL (KOHA)
Tipo de ítem Koha TESIS
Fuente del sistema de clasificación o colocación Clasificación Universidad Autónoma Chapingo
Holdings
Estado de retiro Estado de pérdida Fuente del sistema de clasificación o colocación Estado dañado Restricciones de uso No para préstamo Código de colección Localización permanente Ubicación/localización actual Fecha de adquisición Fuente de adquisición Total de préstamos Signatura topográfica completa Código de barras Fecha visto por última vez Número de copia Precio válido a partir de Tipo de ítem Koha
    Clasificación Universidad Autónoma de Chapingo   Préstamo interno   Tesis Ingenieria Agroindustrial Ingenieria Agroindustrial 17/09/2025 El autor   Tesis V59 1996 1101015979 02/02/2026 Ej. 1 17/09/2025 Tesis
    Clasificación Universidad Autónoma de Chapingo   Préstamo 5 días   Tesis Ingenieria Agroindustrial Ingenieria Agroindustrial 17/09/2025 El autor   Tesis V59 1996 1101015980 02/02/2026 Ej. 2 17/09/2025 Tesis